• 首页
  • 本馆介绍
  • 公告通知
  • 最新文献
  • 馆藏检索
  • 电子资源
  • 读者导购
  • 参考咨询
  • 我的图书馆
  • 登录
  • 详细信息显示
  • 放入我的书架
  • 预约/预借图书
  • 作者相关作品
  • 分类相关作品
  • 丛书相关作品
  • 出版社相关作品

书目信息

  • 表格格式
  • 工作单格式
  • 卡片格式
题名:
包装设计
    
 
作者: 陈小林 编著
分册:  
出版信息: 成都   四川美术出版社  2008
页数: 154页
开本: 26cm
丛书名: 新世纪高等美术教材
单 册:
中图分类: J524.2-43 , J524.2
科图分类:
主题词: 包装--设计--高等学校--技术学校--教材
电子资源:
ISBN: 978-7-5410-2969-1
000 00955nam 2200265 450
001 2353935047
005 20231214155611.57
010    @a978-7-5410-2969-1@dCNY46.00
100    @a20080223d2008 ekmy0chiy50 ea
101 0  @achi
102    @aCN@b510000
105    @aach a 000yy
200 1  @a包装设计@Abao zhuang she ji@f陈小林编著
210    @a成都@c四川美术出版社@d2008
215    @a154页@c图 (部分彩图), 肖像, 摹真@d26cm
225 2  @a新世纪高等美术教材@Axin shi ji gao deng mei shu jiao cai@h8@i艺术与设计基础教学
320    @a有书目 (第154页)
330    @a本书共分八章, 主要介绍了包装设计的市场调查与定位、包装设计、包装结构设计、包装容器造型、包装设计创意与表现等内容。
410  0 @12001 @a新世纪高等美术教材@h8@i艺术与设计基础教学
606 0  @a包装@x设计@x高等学校@x技术学校@j教材
690    @aJ524.2-43@v5
690    @aJ524.2@v4
701  0 @a陈小林@Achen xiao lin@4编著
801  0 @aCN@b湖北三新@c20080223
905    @aZUCC@dJ524.2@e8
    
    包装设计/陈小林编著.-成都:四川美术出版社,2008
    154页:图 (部分彩图), 肖像, 摹真;26cm.-(新世纪高等美术教材.8.艺术与设计基础教学)
    
    
    ISBN 978-7-5410-2969-1:CNY46.00
    本书共分八章, 主要介绍了包装设计的市场调查与定位、包装设计、包装结构设计、包装容器造型、包装设计创意与表现等内容。
●
相关链接 在五车中查询图书 在当当中查询图书 在豆瓣中查询图书


正题名:包装设计     索取号:J524.2/8         预约/预借

序号 登录号 条形码 馆藏地/架位号 状态 备注
1 2001380535   2001380535   三新/湖北三新(第三批)/2057/ [索取号:J524.2/8] 在馆    
2 2001380536   2001380536   三新/湖北三新(第三批)/2057/ [索取号:J524.2/8] 在馆    
3 2001380537   2001380537   三新/湖北三新(第三批)/2057/ [索取号:J524.2/8] 在馆    
4 2001380538   2001380538   三新/湖北三新(第三批)/2057/ [索取号:J524.2/8] 在馆    
5 2001380539   2001380539   三新/湖北三新(第三批)/2057/ [索取号:J524.2/8] 在馆    
6 2001380540   2001380540   三新/湖北三新(第三批)/2057/ [索取号:J524.2/8] 在馆    
7 2001380541   2001380541   三新/湖北三新(第三批)/2057/ [索取号:J524.2/8] 在馆    
8 2001380542   2001380542   三新/湖北三新(第三批)/2057/ [索取号:J524.2/8] 在馆    
9 2001380543   2001380543   三新/湖北三新(第三批)/2057/ [索取号:J524.2/8] 在馆    
10 2001380544   2001380544   三新/湖北三新(第三批)/2057/ [索取号:J524.2/8] 在馆    
11 2001380545   2001380545   三新/湖北三新(第三批)/2057/ [索取号:J524.2/8] 在馆    
12 2001380546   2001380546   三新/湖北三新(第三批)/2057/ [索取号:J524.2/8] 在馆    
13 2001380547   2001380547   三新/湖北三新(第三批)/2057/ [索取号:J524.2/8] 在馆    
14 2001380548   2001380548   三新/湖北三新(第三批)/2057/ [索取号:J524.2/8] 在馆    
15 2001380549   2001380549   三新/湖北三新(第三批)/2057/ [索取号:J524.2/8] 在馆    
16 2001380550   2001380550   三新/湖北三新(第三批)/2057/ [索取号:J524.2/8] 在馆    
17 2001380551   2001380551   三新/湖北三新(第三批)/2057/ [索取号:J524.2/8] 在馆    
18 2001380552   2001380552   三新/湖北三新(第三批)/2057/ [索取号:J524.2/8] 在馆    
19 2001380553   2001380553   三新/湖北三新(第三批)/2057/ [索取号:J524.2/8] 在馆    
20 2001380554   2001380554   三新/湖北三新(第三批)/2057/ [索取号:J524.2/8] 在馆    
21 2001380555   2001380555   三新/湖北三新(第三批)/2057/ [索取号:J524.2/8] 在馆    
22 2001380556   2001380556   三新/湖北三新(第三批)/2057/ [索取号:J524.2/8] 在馆    
23 2001380557   2001380557   三新/湖北三新(第三批)/2057/ [索取号:J524.2/8] 在馆    
24 2001380558   2001380558   三新/湖北三新(第三批)/2057/ [索取号:J524.2/8] 在馆    
25 2001380559   2001380559   三新/湖北三新(第三批)/2057/ [索取号:J524.2/8] 在馆    
26 2001380560   2001380560   三新/湖北三新(第三批)/2057/ [索取号:J524.2/8] 在馆    
27 2001380561   2001380561   三新/湖北三新(第三批)/2057/ [索取号:J524.2/8] 在馆    
28 2001380562   2001380562   三新/湖北三新(第三批)/2057/ [索取号:J524.2/8] 在馆    
29 2001380563   2001380563   三新/湖北三新(第三批)/2057/ [索取号:J524.2/8] 在馆    
30 2001380564   2001380564   三新/湖北三新(第三批)/2057/ [索取号:J524.2/8] 在馆    
山东省滨州职业学院图书馆 欢迎您!
大连网信软件有限公司© 版权所有